<?xml version="1.0" encoding="UTF-8"?>
<record
    xmlns:xsi="http://www.w3.org/2001/XMLSchema-instance"
    xsi:schemaLocation="http://www.loc.gov/MARC21/slim http://www.loc.gov/standards/marcxml/schema/MARC21slim.xsd"
    xmlns="http://www.loc.gov/MARC21/slim">

  <leader>00796nab a2200229 uc4500</leader>
  <controlfield tag="001">776045</controlfield>
  <controlfield tag="005">20240201183808.0</controlfield>
  <controlfield tag="008">020924s2002                        spa  </controlfield>
  <datafield tag="035" ind1=" " ind2=" ">
    <subfield code="a">776045</subfield>
  </datafield>
  <datafield tag="035" ind1=" " ind2=" ">
    <subfield code="a">(OCoLC)819990388</subfield>
  </datafield>
  <datafield tag="040" ind1=" " ind2=" ">
    <subfield code="c">comduadb</subfield>
  </datafield>
  <datafield tag="041" ind1=" " ind2=" ">
    <subfield code="a">spa</subfield>
  </datafield>
  <datafield tag="100" ind1="1" ind2="0">
    <subfield code="a">Santana Perez, F.</subfield>
    <subfield code="4">aut</subfield>
    <subfield code="e">aut</subfield>
    <subfield code="9">363752</subfield>
  </datafield>
  <datafield tag="245" ind1="1" ind2="0">
    <subfield code="a">Eliminacion de COVs de una planta incineradora de residuos medicos</subfield>
  </datafield>
  <datafield tag="650" ind1=" " ind2=" ">
    <subfield code="a">Incineradores</subfield>
    <subfield code="9">22983</subfield>
  </datafield>
  <datafield tag="650" ind1=" " ind2=" ">
    <subfield code="a">Residuos hospitalarios</subfield>
    <subfield code="9">81943</subfield>
  </datafield>
  <datafield tag="650" ind1=" " ind2=" ">
    <subfield code="a">Biofiltraci&#xF3;n</subfield>
    <subfield code="g">Creado por Maria Victoria Alvarez</subfield>
    <subfield code="9">76868</subfield>
  </datafield>
  <datafield tag="650" ind1=" " ind2=" ">
    <subfield code="a">Compuestos org&#xE1;nicos vol&#xE1;tiles</subfield>
    <subfield code="9">19785</subfield>
  </datafield>
  <datafield tag="650" ind1=" " ind2=" ">
    <subfield code="a">Eliminaci&#xF3;n de residuos</subfield>
    <subfield code="9">52047</subfield>
  </datafield>
  <datafield tag="773" ind1="0" ind2=" ">
    <subfield code="t">Ingenier&#xED;a Qu&#xED;mica (Madrid)</subfield>
    <subfield code="g">Vol. 34, No. 391, Jun. 2002, p. 182-192</subfield>
    <subfield code="w">102048</subfield>
    <subfield code="x">0210-2064</subfield>
    <subfield code="0">89813</subfield>
  </datafield>
  <datafield tag="942" ind1=" " ind2=" ">
    <subfield code="c">ARIMP</subfield>
  </datafield>
  <datafield tag="999" ind1=" " ind2=" ">
    <subfield code="c">255568</subfield>
    <subfield code="d">255568</subfield>
  </datafield>
</record>
